Statistics for Russian Republic Capitals

Click here to take the quiz!

General Stats

  • This quiz has been taken 138 times
  • The average score is 12 of 22

Answer Stats

RepublicCapital City% Correct
TatarstanKazan
82%
ChechnyaGrozny
77%
YakutiaYakutsk
77%
BashkortostanUfa
72%
CrimeaSimferopol
66%
DagestanMakhachkala
63%
BuryatiaUlan-Ude
63%
North Ossetia - AlaniaVladikavkaz
58%
TuvaKyzyl
54%
KalmykiaElista
49%
AltaiGorno-Altaysk
49%
KareliaPetrozavodsk
49%
Karachay-CherkessiaCherkessk
45%
ChuvashiaCheboksary
44%
AdygeaMaykop
44%
Kabardino-BalkariaNalchik
41%
KomiSyktyvkar
41%
Mari-ElYoshkar-Ola
41%
UdmurtiaIzhevsk
39%
IngushetiaMagas
38%
MordoviaSaransk
37%
KhakassiaAbakan
34%

Score Distribution

Percentile by Number Answered

Percent of People with Each Score

Your Score History

You have not taken this quiz